000 00488nam a22002177a 4500
003 UA-OsUOA
001 38722
007 ta
008 20060524b un ||||| |||| 00| 0 ukr d
100 _aВасиленко Ірина
090 _a32
_bВ11
942 _cSA
040 _aUA-OsUOA
_bukr
_cUA-OsUOA
_dUA-OsUOA
245 _aРозподіл ролей
300 _a13 с.
955 _a0
041 _aukr
080 _a32
773 0 _w38720
650 7 _a32 Політика
_2UDC
999 _c324870
_d324870